LEADER 01405nam a2200277 i 4500 001 000000207413 003 CaOOAMICUS 005 20111028000000.0 008 111028s1992 xx u000 u und u 013 $a186191 040 $aSeMil$bita 100 1 $aPiave, Francesco Maria.$0(OLS)http://semarc/name/74123 245 13$aLa traviata :$bmelodramma in tre atti /$clibretto di Francesco Maria Piave ; musica di Giuseppe Verdi. 260 $aMilano :$bEdizioni del Teatro alla Scala,$c1992. 300 $a117 p. :$bill. ;$c27 cm. 500 $aProgramma di sala. - Contiene il libretto, il soggetto dell'opera e scritti di autori vari. - 1. rappr. della stag. 18. 650 4$aOpera in musica.$0(OLS)http://semarc/subject/8916 650 4$aVerdi, Giuseppe <1813-1901> - Opere.$0(OLS)http://semarc/subject/8917 650 4$aMelodramma - Testi.$0(OLS)http://semarc/subject/10519 700 1 $aVerdi, Giuseppe <1813-1901>.$0(OLS)http://semarc/name/20656 773 0 $tStagione d'opera e balletto 1991-92.$dMilano : Edizioni del Teatro alla Scala, 1991-1992.$g9$w()25431 850 $aSeMil 852 $aSeMil$W1$xVenegono$y1$m3Q V 77$j157875$B157875$CSeMilBibl$Z2$F171197 $81 961 $aLascito: Barbarisi Gennaro 996 $6245$aLa traviata :$bmelodramma in tre atti$9(OLS)http://semarc/title/300003 996 $6260$aMilano :$bEdizioni del Teatro alla Scala$9(OLS)http://semarc/publisher/36461 LEADER 01336nam a2200301 i 4500 001 000000110584 003 CaOOAMICUS 005 20021206000000.0 008 021206s1996 it u000 u ita u 013 $a83265 020 $a88-420-5056-3 040 $aSeMil$bita 100 1 $aDe Rita, Giuseppe,$d<1932- >.$0(OLS)http://semarc/name/16002 245 10$aIntervista sulla borghesia in Italia /$cGiuseppe De Rita ; a cura di Antonio Galdo. 260 $aRoma ; Bari :$bLaterza,$cstampa 1996. 300 $a149 p. :$bill. ;$c18 cm. 490 0 $aSaggi tascabili Laterza ;$v199 500 $aIn Appendice : La crescita della società italiana negli ultimi quarant'anni. - Fondo Card. C.M. Martini. 650 4$aBorghesia - Italia - 1950-1995.$0(OLS)http://semarc/subject/19675 700 1 $aGaldo, Antonio,$d<1957- >.$0(OLS)http://semarc/name/46363 830 0$aSaggi tascabili Laterza ;$v199.$0(OLS)http://semarc/title/6926 850 $aSeMil 852 $aSeMil$W1$xVenegono$y1$m3N I 530$j66459$B66459$CSeMilBibl$Z2$F101320 $81 941 1 $a4 961 $aOmaggio: Martini Card. Carlo Maria 996 $6020$a88-420-5056-3$9(OLS)http://semarc/number/92426 996 $6245$aIntervista sulla borghesia in Italia$9(OLS)http://semarc/title/160754 996 $6260$aRoma ; Bari :$bLaterza$9(OLS)http://semarc/publisher/30305